000 02257nam a22001577a 4500
999 _c514514
_d514514
008 201110b ||||| |||| 00| 0 eng d
100 _aThomas, M.B, Fay, D.L and Berry, F.S.
_920960
245 _aStrategically marketing florid's cities: An exploratory study into how cities engage in public marketing
260 _aAmerican Review of Public Administration
300 _a50(3), Apr, 2020: p.275-285
520 _aOver the course of this decade, Florida has emerged as one of America’s fastest growing and most visited states. As many of the state’s municipalities compete for opportunities to expand their tax base and achieve other municipally centered goals, they are faced with the challenge of needing to strategically differentiate themselves from their peers to attract opportunities. One way to accomplish this is through using marketing as a tool of strategic management. While literature shows that marketing engagement is happening in cities throughout the world, we lack a clear understanding of what American municipalities are doing about marketing and why they are increasingly choosing to participate in the activity. This work provides a glimpse into how a sample of Florida cities are strategically using marketing and what city managers and communication officials are specifically hoping to accomplish with marketing activity. The purpose of this research is to answer the following three questions: Why do city governments engage in marketing? Do city government officials engage in marketing from a strategic management perspective? How do city governments engage in marketing? Utilizing surveys and interviews from city managers and communication officials at the municipal level from across the state, this exploratory study sheds a light onto how several cities using marketing as a strategic management tool to achieve articulated goals. We provide recommendations for practitioners exploring strategic use of marketing and practitioners seeking to expand marketing engagement within their municipalities.- Reproduced
650 _aMarketing, Branding, Local government, Strategic management
_919220
773 _aAmerican Review Of Public Administration
906 _aLOCAL GOVERNMENT - UNITED STATES
942 _cAR